000 00649nam a2200205 i 4500
001 140752
003 ES-MaACL
005 20250730025323.0
007 t|
008 070917s1923 xxu ||||1| eng d
100 1 _aWells, Harry Gideon.
_9116460
245 1 4 _aThe chemistry of tuberculosis... /
_cby H. Gideon Wells, Lydia M. De Witt, Esmond R. Long.
260 _aBaltimore :
_bWilliams and Wilkins Company,
_c1923.
300 _aVI, 447 p. ;
_c24 cm.
650 1 7 _aTuberculosis
_2embne
_917658
700 1 _aDe Witt, Lydia Maria Adams.
_943084
700 1 _aLong, Esmond R.
_973226
852 _aES-MaACL
_jE-1515
999 _c140752
_d140752